Statistics for Countries next door to Countries Bordering Countries neighboring Mali

Click here to take the quiz!

General Stats

  • This quiz has been taken 37 times
    (26 since last reset)
  • The average score is 4 of 5

Answer Stats

Country% Correct
Egypt
100%
Sudan
88%
Central African Republic
80%
Spain
80%
Cameroon
76%

Score Distribution

Percentile by Number Answered

Percent of People with Each Score

Your Score History

You have not taken this quiz since the last reset